000 00781nam a2200241Ia 4500
001 dia_3582
003 CHAP
005 20251021153518.0
008 220601s9999 xx 000 0 und d
020 _a84-338-1681-0
040 _cCHAP
082 _a338.19 H4
100 _aHerrera, Rosa Ma. Blanca
_9175838
245 _aGarantias sanitarias y libre circulación de alimentos de fabricación industrial en la C.E./Rosa Ma. Blanca Herrera y otros
260 _aEspaña, Universidad de Granada
300 _a253 p.
440 _aMonografías, 142
_9175839
650 _a1. Seguridad alimentaria2. Alimentos-abastecimientoÌ
_9175840
901 _a338.19 H4
902 _aM
905 _a0000002002 sp 0000000000spa00
942 _cLIBRO
_2ddc
999 _c209335
_d209335